000 00509nam a2200181Ia 4500
005 20250923144321.0
008 008 250917s9999 xx 000 0 eng d
037 _aTextual
040 _aDSWL
_beng
_cDSWL
041 _aeng
_2eng
084 _aYX;6-E1.3'N3, N38
_qDSWL
100 _aSimmern, H.S
_9823591
245 0 _aUnfolding of antistic activity
_cby H.S Simmern
260 _c1948
300 _a199 p.
942 _cTEXL
_hYX;6-E1.3'N3, N38
999 _c1437366
_d1437366